| 000 | 00715nam a22002055a 4500 | ||
|---|---|---|---|
| 005 | 20180509111357.0 | ||
| 008 | 180509q1985 ua a fr 000 0 eng d | ||
| 040 |
_aEG-ScBUE _beng _cEG-ScBUE |
||
| 043 | _af-ua--- | ||
| 082 | 0 | 4 |
_a398.20962 _bEGY _222 |
| 245 | 0 | 0 |
_aEgyptian Folk Arts : _bFolk Literature, Music, Art And Handicraft, Habits And Customs / _ceditors, Ali Ezzat... [et al.] |
| 260 |
_aCairo : _bMinistry Of Information, State Information Service, _c[1985] |
||
| 300 |
_a240 p. : _bill.(col.) ; _c30 cm. |
||
| 541 | _aAmbassador Ali Al-Hafni ; | ||
| 650 | 7 |
_aFolklore _zEgypt. _2BUEsh |
|
| 651 | _2BUEsh | ||
| 653 |
_bGGEN _cMay2018 |
||
| 700 | 1 |
_aEzzat, Ali, _eeditor. |
|
| 942 | _2ddc | ||
| 999 |
_c26673 _d26645 |
||